Sharing knowledge across the Mediterranean area : (Record no. 71335)
[ view plain ]
| 000 -LEADER | |
|---|---|
| fixed length control field | 02266cam a22004334a 4500 |
| 001 - CONTROL NUMBER | |
| control field | 14533499 |
| 003 - CONTROL NUMBER IDENTIFIER | |
| control field | BD-DhUL |
| 005 - DATE AND TIME OF LATEST TRANSACTION | |
| control field | 20160529145213.0 |
| 008 - FIXED-LENGTH DATA ELEMENTS--GENERAL INFORMATION | |
| fixed length control field | 060905s2006 ne a b 101 0 eng |
| 010 ## - LIBRARY OF CONGRESS CONTROL NUMBER | |
| LC control number | 2006934006 |
| 020 ## - INTERNATIONAL STANDARD BOOK NUMBER | |
| International Standard Book Number | 9781586036805 (hd.bd.) |
| 020 ## - INTERNATIONAL STANDARD BOOK NUMBER | |
| International Standard Book Number | 1586036807 (hd.bd.) |
| 040 ## - CATALOGING SOURCE | |
| Original cataloging agency | DLC |
| Transcribing agency | BD-DhUL |
| Modifying agency | DLC |
| -- | BD-DhUL |
| 043 ## - GEOGRAPHIC AREA CODE | |
| Geographic area code | mm----- |
| -- | e------ |
| 050 00 - LIBRARY OF CONGRESS CALL NUMBER | |
| Classification number | Q180.E9 |
| Item number | N38 2006 |
| 082 00 - DEWEY DECIMAL CLASSIFICATION NUMBER | |
| Classification number | 338.9/27091822 |
| Edition number | 22 |
| Item number | SHA |
| 111 2# - MAIN ENTRY--MEETING NAME | |
| Meeting name or jurisdiction name as entry element | NATO Advanced Research Workshop on Sharing Knowledge Across the Mediterranean Area for Prevention of Catastrophes and Sustainable Management of Water and Energy |
| Date of meeting | (2005 : |
| Location of meeting | Casablanca, Morocco) |
| 245 10 - TITLE STATEMENT | |
| Title | Sharing knowledge across the Mediterranean area : |
| Remainder of title | towards a partnership for sustainable management of resources and the prevention of catastrophes / |
| Statement of responsibility, etc. | edited by Paul Faugeras, Abdeslam Hoummada and Robert Klapisch. |
| 260 ## - PUBLICATION, DISTRIBUTION, ETC. (IMPRINT) | |
| Place of publication, distribution, etc. | Amsterdam ; |
| -- | Washington, DC : |
| Name of publisher, distributor, etc. | IOS Press, |
| Date of publication, distribution, etc. | 2006. |
| 300 ## - PHYSICAL DESCRIPTION | |
| Extent | xi, 279 p. : |
| Other physical details | ill. ; |
| Dimensions | 25 cm. |
| 490 0# - SERIES STATEMENT | |
| Series statement | NATO security through science series. E, Human and societal dynamics, |
| International Standard Serial Number | 1574-5597 ; |
| Volume/sequential designation | v. 12 |
| 500 ## - GENERAL NOTE | |
| General note | "Published in cooperation with NATO Public Diplomacy Division." |
| 504 ## - BIBLIOGRAPHY, ETC. NOTE | |
| Bibliography, etc | Includes bibliographical references and index. |
| 650 #0 - SUBJECT ADDED ENTRY--TOPICAL TERM | |
| Topical term or geographic name as entry element | Research |
| Geographic subdivision | Mediterranean Region |
| Form subdivision | Congresses. |
| 650 #0 - SUBJECT ADDED ENTRY--TOPICAL TERM | |
| Topical term or geographic name as entry element | Research |
| General subdivision | Government policy |
| Geographic subdivision | European Union countries |
| Form subdivision | Congresses. |
| 650 #0 - SUBJECT ADDED ENTRY--TOPICAL TERM | |
| Topical term or geographic name as entry element | Science |
| General subdivision | Research |
| Geographic subdivision | Mediterranean Region |
| Form subdivision | Congresses. |
| 650 #0 - SUBJECT ADDED ENTRY--TOPICAL TERM | |
| Topical term or geographic name as entry element | Energy development |
| General subdivision | Research |
| Geographic subdivision | Mediterranean Region |
| Form subdivision | Congresses. |
| 650 #0 - SUBJECT ADDED ENTRY--TOPICAL TERM | |
| Topical term or geographic name as entry element | Water resources development |
| Geographic subdivision | Mediterranean Region |
| Form subdivision | Congresses. |
| 650 #0 - SUBJECT ADDED ENTRY--TOPICAL TERM | |
| Topical term or geographic name as entry element | Hazard mitigation |
| General subdivision | Research |
| Geographic subdivision | Mediterranean Region |
| Form subdivision | Congresses. |
| 700 1# - ADDED ENTRY--PERSONAL NAME | |
| Personal name | Faugeras, Paul. |
| 700 1# - ADDED ENTRY--PERSONAL NAME | |
| Personal name | Hoummada, Abdeslam. |
| 700 1# - ADDED ENTRY--PERSONAL NAME | |
| Personal name | Klapisch, Robert. |
| 710 2# - ADDED ENTRY--CORPORATE NAME | |
| Corporate name or jurisdiction name as entry element | North Atlantic Treaty Organization. |
| Subordinate unit | Public Diplomacy Division. |
| 710 2# - ADDED ENTRY--CORPORATE NAME | |
| Corporate name or jurisdiction name as entry element | NATO Programme for Security through Science. |
| 856 41 - ELECTRONIC LOCATION AND ACCESS | |
| Materials specified | Table of contents only |
| Uniform Resource Identifier | http://www.loc.gov/catdir/toc/fy0708/2006934006.html |
| 906 ## - LOCAL DATA ELEMENT F, LDF (RLIN) | |
| a | 7 |
| b | cbc |
| c | origres |
| d | 2 |
| e | ncip |
| f | 20 |
| g | y-gencatlg |
| 942 ## - ADDED ENTRY ELEMENTS (KOHA) | |
| Source of classification or shelving scheme | |
| Koha item type | Books |
| Price effective from | Date last seen | Permanent Location | Not for loan | Date acquired | Source of classification or shelving scheme | Koha item type | Lost status | Withdrawn status | Source of acquisition | Collection code | Damaged status | Shelving location | Barcode | Current Location | Full call number |
|---|---|---|---|---|---|---|---|---|---|---|---|---|---|---|---|
| 2016-05-29 | 2016-05-29 | Dhaka University Library | 2016-05-29 | Books | Purchased | Non Fiction | General Stacks | 477186 | Dhaka University Library | 338.9/27091822 SHA |
